Normal view
MARC view
Entry Personal Name
001 - CONTROL NUMBER
- control field: 38370
003 - CONTROL NUMBER IDENTIFIER
- control field: OSt
005 - DATE AND TIME OF LATEST TRANSACTION
- control field: 20160214124653.0
008 - FIXED-LENGTH DATA ELEMENTS
- fixed length control field: 160214|| aca||aabn | a|a d
040 ## - CATALOGING SOURCE
- Original cataloging agency: OSt
- Transcribing agency: OSt
100 ## - HEADING--PERSONAL NAME
- Personal name: अग्रवाल डा. एम. डी
670 ## - SOURCE DATA FOUND
- Source citation: Work cat.: (OSt)29258: अग्रवाल डा. एम. डी , विश्व निर्धनता की चुनौती , 1988









